[Event "38 Open Vila de Sitges 2012"]
[Site "Sitges ESP"]
[Date "2012.07.22"]
[Round "3.4"]
[White "Hernando Rodrigo, Julio A"]
[Black "Movsziszian, Karen"]
[Result "0-1"]
[WhiteElo "2311"]
[BlackElo "2469"]
[PlyCount "56"]
[EventDate "2012.07.20"]
[EventType "swiss"]
[EventRounds "9"]
[EventCountry "ESP"]
[SourceTitle "Ajedrez en Madrid"]
[Source "lmi"]
[SourceDate "2012.07.20"]

1. d4 d6 2. c4 g6 3. Nc3 Bg7 4. g3 Nd7 5. Bg2 e5 6. Nf3 Ne7 7. dxe5 dxe5 8. O-O
O-O 9. Rb1 f5 10. e4 h6 11. b3 c6 12. Ba3 Qe8 13. Nh4 Rf6 14. exf5 gxf5 15. Bf3
Kh7 16. Bh5 Qf8 17. Re1 c5 18. Qc2 Ra6 19. Nb5 Rc6 20. Bf3 e4 21. Bxe4 fxe4 22.
Qxe4+ Ng6 23. Nc7 Rb8 24. Ne6 Rxe6 25. Qxe6 Nde5 26. Qd5 Nf3+ 27. Kh1 Nxe1 28.
Rxe1 b6 0-1

[Event "38 Open Vila de Sitges 2012"]
[Site "Sitges ESP"]
[Date "2012.07.22"]
[Round "3.5"]
[White "Sequera Paolini, Jose"]
[Black "Debray, Christopher"]
[Result "0-1"]
[WhiteElo "2407"]
[BlackElo "2380"]
[PlyCount "86"]
[EventDate "2012.07.20"]
[EventType "swiss"]
[EventRounds "9"]
[EventCountry "ESP"]
[SourceTitle "Ajedrez en Madrid"]
[Source "lmi"]
[SourceDate "2012.07.20"]

1. f4 Nf6 2. Nf3 g6 3. g3 d5 4. Bg2 Bg7 5. O-O c5 6. d3 O-O 7. Qe1 Nc6 8. e4
dxe4 9. dxe4 e5 10. Nc3 Nd4 11. fxe5 Ng4 12. Nxd4 cxd4 13. Nd5 Nxe5 14. Kh1 b6
15. Bf4 Ba6 16. Rf2 Re8 17. Qb4 Ng4 18. Rd2 g5 19. Bc7 Qd7 20. e5 Nxe5 21. Qxd4
Qe6 22. Bxe5 Bxe5 23. Qe3 Bxb2 24. Qxg5+ Kh8 25. Rg1 Rac8 26. Nf4 Qe3 27. Rd7
Rxc2 28. h4 Bd4 29. Rd1 Rd2 30. Rxd4 Qxd4 31. Ng6+ hxg6 32. Qxd2 Qxd2 33. Rxd2
Re1+ 34. Kh2 Bc4 35. g4 Ra1 36. Rd4 b5 37. Kg3 Rxa2 38. Be4 Kg7 39. h5 gxh5 40.
gxh5 Be6 41. Kf4 Rh2 42. Kg5 f6+ 43. Kf4 Rh4+ 0-1

[Event "38 Open Vila de Sitges 2012"]
[Site "Sitges ESP"]
[Date "2012.07.22"]
[Round "3.6"]
[White "Rodriguez Garcia, Victor"]
[Black "Gardner, Lee"]
[Result "1-0"]
[WhiteElo "2383"]
[BlackElo "2176"]
[PlyCount "65"]
[EventDate "2012.07.20"]
[EventType "swiss"]
[EventRounds "9"]
[EventCountry "ESP"]
[SourceTitle "Ajedrez en Madrid"]
[Source "lmi"]
[SourceDate "2012.07.20"]

1. e4 c5 2. Nc3 g6 3. Nf3 Bg7 4. d4 cxd4 5. Nxd4 Nc6 6. Nde2 Nf6 7. g3 b5 8.
Bg2 Rb8 9. O-O O-O 10. h3 a5 11. Be3 b4 12. Nd5 Ba6 13. Re1 Nxd5 14. exd5 Ne5
15. Bd4 Nc4 16. Bxg7 Kxg7 17. b3 Nd6 18. c4 bxc3 19. Nxc3 Re8 20. Rc1 Bb5 21.
h4 Qb6 22. Ne4 Nxe4 23. Rxe4 d6 24. Bh3 f5 25. Re1 Bd7 26. Qd2 Rbc8 27. Rxc8
Bxc8 28. h5 e5 29. dxe6 Bxe6 30. h6+ Kf7 31. Qc3 Rg8 32. Bf1 Qc5 33. Qxc5 1-0

[Event "38 Open Vila de Sitges 2012"]
[Site "Sitges ESP"]
[Date "2012.07.22"]
[Round "3.7"]
[White "Gallego Alcaraz, Andres Felipe"]
[Black "Franco Valencia, Angela"]
[Result "1-0"]
[WhiteElo "2377"]
[BlackElo "2170"]
[PlyCount "81"]
[EventDate "2012.07.20"]
[EventType "swiss"]
[EventRounds "9"]
[EventCountry "ESP"]
[SourceTitle "Ajedrez en Madrid"]
[Source "lmi"]
[SourceDate "2012.07.20"]

1. d4 f5 2. Bg5 h6 3. Bh4 g5 4. Bg3 Nf6 5. e3 Bg7 6. h4 g4 7. h5 c5 8. Nd2 Nc6
9. c3 cxd4 10. exd4 d6 11. Bb5 a6 12. Ba4 b5 13. Bb3 Na5 14. Ne2 e6 15. Nf4
Nxb3 16. Qxb3 O-O 17. O-O-O Re8 18. Rde1 Qd7 19. f3 Qf7 20. fxg4 Nxg4 21. Ng6
e5 22. Qxf7+ Kxf7 23. Bh4 Be6 24. dxe5 dxe5 25. Rhf1 Ra7 26. Ne4 Kg8 27. Nd6
Rb8 28. Nxf5 b4 29. Nfe7+ Kh7 30. Nc6 Rab7 31. Nxb8 Rxb8 32. Be7 bxc3 33. b3
Bd5 34. Bd6 Re8 35. Rf4 exf4 36. Rxe8 Nf6 37. Re7 Nxh5 38. Nxf4 Nxf4 39. Bxf4
Kg8 40. Re2 Bf7 41. Be5 1-0

[Event "38 Open Vila de Sitges 2012"]
[Site "Sitges ESP"]
[Date "2012.07.22"]
[Round "3.8"]
[White "Kiewra, Keaton F"]
[Black "Hauge, Lars Oskar"]
[Result "1/2-1/2"]
[WhiteElo "2361"]
[BlackElo "2112"]
[PlyCount "94"]
[EventDate "2012.07.20"]
[EventType "swiss"]
[EventRounds "9"]
[EventCountry "ESP"]
[SourceTitle "Ajedrez en Madrid"]
[Source "lmi"]
[SourceDate "2012.07.20"]

1. Nf3 Nf6 2. c4 g6 3. Nc3 Bg7 4. e4 d6 5. d4 O-O 6. Be2 e5 7. O-O Nc6 8. d5
Ne7 9. b4 Nh5 10. Re1 f5 11. Ng5 Nf6 12. Bf3 c6 13. b5 h6 14. Ne6 Bxe6 15. dxe6
fxe4 16. Nxe4 Nxe4 17. Bxe4 d5 18. cxd5 cxd5 19. Ba3 dxe4 20. Qxd8 Rfxd8 21.
Bxe7 Re8 22. Bc5 Rxe6 23. Be3 Rc8 24. Rac1 Rxc1 25. Rxc1 a6 26. Rc8+ Kf7 27.
Rb8 Re7 28. bxa6 bxa6 29. Kf1 Re6 30. a4 Bf8 31. a5 g5 32. g4 Rc6 33. Ra8 Bb4
34. Bb6 Ke6 35. Kg2 Be1 36. h4 gxh4 37. Kh3 Kd5 38. Rd8+ Kc4 39. Rd1 Bc3 40.
Rc1 Kd5 41. Be3 Bxa5 42. Rd1+ Kc4 43. Kxh4 Bb6 44. Rc1+ Kd5 45. Rd1+ Kc4 46.
Rc1+ Kd5 47. Rd1+ Kc4 1/2-1/2

[Event "38 Open Vila de Sitges 2012"]
[Site "Sitges ESP"]
[Date "2012.07.22"]
[Round "3.9"]
[White "Plaza Agudo, Juan Francisco"]
[Black "Fernandez Aguado, Enrique"]
[Result "0-1"]
[WhiteElo "2019"]
[BlackElo "2357"]
[PlyCount "86"]
[EventDate "2012.07.20"]
[EventType "swiss"]
[EventRounds "9"]
[EventCountry "ESP"]
[SourceTitle "Ajedrez en Madrid"]
[Source "lmi"]
[SourceDate "2012.07.20"]

1. d4 Nf6 2. Nf3 b6 3. e3 Bb7 4. Bd3 c5 5. b3 g6 6. Bb2 Bg7 7. Nbd2 O-O 8. O-O
d5 9. Ne5 Nbd7 10. f4 Rc8 11. Ndf3 Ne4 12. Nxd7 Qxd7 13. Ne5 Qc7 14. Bxe4 dxe4
15. c4 f6 16. Ng4 h5 17. Nf2 cxd4 18. Bxd4 Rcd8 19. Qc2 Rxd4 20. exd4 Qxf4 21.
Nd1 Qd6 22. d5 f5 23. Rb1 Be5 24. h3 Bd4+ 25. Rf2 e6 26. Qd2 Bxf2+ 27. Nxf2
exd5 28. cxd5 Qxd5 29. Qh6 Qe6 30. h4 f4 31. Nh3 f3 32. Ng5 f2+ 33. Kh2 Qe5+
34. g3 Qg7 35. Qxg7+ Kxg7 36. Ne6+ Kg8 37. Nxf8 Kxf8 38. Kg2 e3+ 39. Kf1 Ba6+
40. Kg2 Kf7 41. b4 Bd3 42. Rc1 Ke6 43. a4 Ke5 0-1

[Event "38 Open Vila de Sitges 2012"]
[Site "Sitges ESP"]
[Date "2012.07.22"]
[Round "3.10"]
[White "Vidarte Morales, Arturo"]
[Black "Coll Enriquez, Lluis"]
[Result "1-0"]
[WhiteElo "2353"]
[BlackElo "2160"]
[PlyCount "71"]
[EventDate "2012.07.20"]
[EventType "swiss"]
[EventRounds "9"]
[EventCountry "ESP"]
[SourceTitle "Ajedrez en Madrid"]
[Source "lmi"]
[SourceDate "2012.07.20"]

1. d4 Nf6 2. c4 e6 3. Nc3 Bb4 4. Bg5 h6 5. Bh4 c5 6. d5 exd5 7. cxd5 d6 8. e3
Bf5 9. Bb5+ Nbd7 10. Nge2 a6 11. Bxd7+ Bxd7 12. O-O Qe7 13. a3 Ba5 14. Rb1 b5
15. b4 Bb6 16. a4 cxb4 17. Rxb4 g5 18. Bg3 Bc5 19. Qb1 O-O 20. axb5 axb5 21.
Nd4 Nh5 22. Rb3 Nxg3 23. hxg3 b4 24. Na2 Qe5 25. Nxb4 Bxd4 26. exd4 Qxd4 27.
Rd1 Qc4 28. Rc1 Qd4 29. Nc6 Qa4 30. Rb7 Bxc6 31. dxc6 Rac8 32. c7 Qd7 33. Qb6
Rfe8 34. Rd1 Re6 35. Rb8 d5 36. Qb7 1-0

[Event "38 Open Vila de Sitges 2012"]
[Site "Sitges ESP"]
[Date "2012.07.23"]
[Round "4.1"]
[White "Debray, Christopher"]
[Black "Czakon, Jakub"]
[Result "1/2-1/2"]
[WhiteElo "2380"]
[BlackElo "2481"]
[PlyCount "59"]
[EventDate "2012.07.20"]
[EventType "swiss"]
[EventRounds "9"]
[EventCountry "ESP"]
[SourceTitle "Ajedrez en Madrid"]
[Source "lmi"]
[SourceDate "2012.07.20"]

1. d4 d5 2. c4 e6 3. Nc3 Nf6 4. Bg5 Bb4 5. e3 c5 6. Qc2 cxd4 7. exd4 Nc6 8. Nf3
h6 9. Bxf6 Qxf6 10. a3 Bxc3+ 11. Qxc3 O-O 12. c5 e5 13. dxe5 Re8 14. Bb5 d4 15.
O-O dxc3 16. exf6 cxb2 17. Rab1 gxf6 18. Rxb2 Be6 19. Bxc6 bxc6 20. Nd4 Bd5 21.
Nf5 Kh7 22. Ne3 Be6 23. Rb7 Reb8 24. Rfb1 Rxb7 25. Rxb7 a5 26. Rb6 Rd8 27. Ra6
Rb8 28. Rb6 Rd8 29. Ra6 Rb8 30. Rb6 1/2-1/2

[Event "38 Open Vila de Sitges 2012"]
[Site "Sitges ESP"]
[Date "2012.07.23"]
[Round "4.2"]
[White "Movsziszian, Karen"]
[Black "Vorobiov, Evgeny E"]
[Result "0-1"]
[WhiteElo "2469"]
[BlackElo "2586"]
[PlyCount "46"]
[EventDate "2012.07.20"]
[EventType "swiss"]
[EventRounds "9"]
[EventCountry "ESP"]
[SourceTitle "Ajedrez en Madrid"]
[Source "lmi"]
[SourceDate "2012.07.20"]

1. g3 d5 2. Bg2 Nf6 3. d3 c5 4. Nd2 Nc6 5. e4 g6 6. Ngf3 Bg7 7. O-O O-O 8. c3
e6 9. Re1 a5 10. e5 Ng4 11. d4 cxd4 12. cxd4 f6 13. h3 Nxf2 14. Kxf2 fxe5 15.
dxe5 Qb6+ 16. Kf1 a4 17. Qe2 Bxe5 18. g4 Bg7 19. Rb1 Bd7 20. Bh1 e5 21. Kg2 e4
22. Nh2 Ne5 23. Rf1 Bb5 0-1

[Event "38 Open Vila de Sitges 2012"]
[Site "Sitges ESP"]
[Date "2012.07.23"]
[Round "4.3"]
[White "Mirzoev, Azer"]
[Black "Gallego Alcaraz, Andres Felipe"]
[Result "1-0"]
[WhiteElo "2545"]
[BlackElo "2377"]
[PlyCount "89"]
[EventDate "2012.07.20"]
[EventType "swiss"]
[EventRounds "9"]
[EventCountry "ESP"]
[SourceTitle "Ajedrez en Madrid"]
[Source "lmi"]
[SourceDate "2012.07.20"]

1. d4 Nf6 2. Nf3 g6 3. Nbd2 c5 4. e3 Bg7 5. dxc5 Qa5 6. a3 Qxc5 7. b4 Qc7 8.
Bb2 O-O 9. c4 b6 10. Be2 Bb7 11. O-O d6 12. Qb3 Nbd7 13. Rac1 Rac8 14. Rfd1 Qb8
15. Qa2 Rfd8 16. Qa1 Qa8 17. h3 Bh6 18. Bf1 Ne4 19. Nxe4 Bxe4 20. Nd2 Bb7 21.
Nb3 Nf8 22. a4 Ne6 23. a5 Qb8 24. axb6 axb6 25. Nd4 Ng5 26. Nb5 Rd7 27. Nc3 Bc6
28. Nd5 Ra7 29. Qb1 Ne6 30. g3 Bg7 31. h4 Re8 32. Bxg7 Nxg7 33. Bg2 Qb7 34. Qb2
h5 35. e4 Bxd5 36. cxd5 Ra4 37. Rc6 b5 38. Rdc1 Qa7 39. R6c2 Ra3 40. Kh2 Qa4
41. Rc8 Kh7 42. R1c7 Rxc8 43. Rxc8 Qa7 44. Qc1 Ra2 45. Qh6+ 1-0

[Event "38 Open Vila de Sitges 2012"]
[Site "Sitges ESP"]
[Date "2012.07.23"]
[Round "4.5"]
[White "Jimenez Fraga, Pedro Alejandro"]
[Black "Vidarte Morales, Arturo"]
[Result "1/2-1/2"]
[WhiteElo "2446"]
[BlackElo "2353"]
[PlyCount "114"]
[EventDate "2012.07.20"]
[EventType "swiss"]
[EventRounds "9"]
[EventCountry "ESP"]
[SourceTitle "Ajedrez en Madrid"]
[Source "lmi"]
[SourceDate "2012.07.20"]

1. e4 e5 2. Nf3 Nc6 3. d4 exd4 4. Nxd4 Bc5 5. Be3 Qf6 6. c3 Nge7 7. Bc4 O-O 8.
O-O Ne5 9. Be2 d5 10. Nd2 Bb6 11. f4 Qh6 12. Qe1 dxe4 13. Nxe4 Nf5 14. Bf2 Nc6
15. Nxf5 Bxf5 16. Ng3 Bd7 17. Rd1 Rad8 18. Bxb6 axb6 19. Qf2 Rfe8 20. Rd5 Bc8
21. Rfd1 Rxd5 22. Rxd5 Qe6 23. Bf3 Qe7 24. Rd1 h6 25. Bd5 Be6 26. Bxc6 bxc6 27.
Re1 Qd8 28. b3 f6 29. h3 c5 30. Qf3 Bf7 31. Rd1 Qa8 32. Qg4 Be6 33. f5 Bf7 34.
Rd7 Re1+ 35. Kh2 Qe8 36. Rd1 Rxd1 37. Qxd1 Qe5 38. Qf3 Kh7 39. c4 h5 40. h4 g5
41. fxg6+ Bxg6 42. Kh3 Kh6 43. Qf2 Kg7 44. Qd2 Bf7 45. Qe2 Be6+ 46. Kh2 Bg4 47.
Qf2 Kg6 48. Qc2+ f5 49. Qf2 f4 50. Nf1 f3+ 51. Ng3 fxg2 52. Kxg2 Kg7 53. Nf1
Qe4+ 54. Kg3 Qe5+ 55. Kg2 Qe4+ 56. Kg3 Qe5+ 57. Kg2 Qe4+ 1/2-1/2

[Event "38 Open Vila de Sitges 2012"]
[Site "Sitges ESP"]
[Date "2012.07.23"]
[Round "4.7"]
[White "Perez Mitjans, Orelvis"]
[Black "Hernando Rodrigo, Julio A"]
[Result "1-0"]
[WhiteElo "2504"]
[BlackElo "2311"]
[PlyCount "47"]
[EventDate "2012.07.20"]
[EventType "swiss"]
[EventRounds "9"]
[EventCountry "ESP"]
[SourceTitle "Ajedrez en Madrid"]
[Source "lmi"]
[SourceDate "2012.07.20"]

1. e4 e6 2. d4 d5 3. Nc3 Bb4 4. a3 Bxc3+ 5. bxc3 c5 6. e5 Ne7 7. Nf3 Nbc6 8.
Bd3 Qa5 9. Bd2 Bd7 10. O-O f6 11. Re1 O-O-O 12. c4 Qc7 13. cxd5 Nxd5 14. c4
Nde7 15. Rb1 Be8 16. exf6 gxf6 17. Rxe6 Bh5 18. d5 Nd4 19. Nxd4 Bxd1 20. Nb5
Qb8 21. Rxe7 Bg4 22. Bf4 Rd7 23. Bxb8 Rxe7 24. Bd6 1-0

[Event "38 Open Vila de Sitges 2012"]
[Site "Sitges ESP"]
[Date "2012.07.23"]
[Round "4.8"]
[White "Espinoza Palomino, Willyam"]
[Black "Munoz Pantoja, Miguel"]
[Result "0-1"]
[WhiteElo "2296"]
[BlackElo "2496"]
[PlyCount "60"]
[EventDate "2012.07.20"]
[EventType "swiss"]
[EventRounds "9"]
[EventCountry "ESP"]
[SourceTitle "Ajedrez en Madrid"]
[Source "lmi"]
[SourceDate "2012.07.20"]

1. e4 c5 2. Nf3 Nc6 3. Nc3 e5 4. Bc4 d6 5. d3 h6 6. h3 Nf6 7. Nd5 Nxd5 8. Bxd5
Be6 9. Bxe6 fxe6 10. c3 Be7 11. Nh2 O-O 12. O-O Qe8 13. Qb3 Qd7 14. f4 d5 15.
exd5 exd5 16. Ng4 h5 17. Nh2 Rf7 18. fxe5 Rxf1+ 19. Nxf1 Nxe5 20. Qd1 Rf8 21.
d4 cxd4 22. Qxd4 Nc6 23. Qd3 Qe6 24. Be3 Ne5 25. Qd4 Nc4 26. Re1 Qc6 27. Bf2
Bd8 28. Ne3 Bb6 29. Qh4 Nxb2 30. Re2 Nd3 0-1

[Event "38 Open Vila de Sitges 2012"]
[Site "Sitges ESP"]
[Date "2012.07.23"]
[Round "4.9"]
[White "Hauge, Lars Oskar"]
[Black "Laxman, R R."]
[Result "0-1"]
[WhiteElo "2112"]
[BlackElo "2422"]
[PlyCount "48"]
[EventDate "2012.07.20"]
[EventType "swiss"]
[EventRounds "9"]
[EventCountry "ESP"]
[SourceTitle "Ajedrez en Madrid"]
[Source "lmi"]
[SourceDate "2012.07.20"]

1. c4 e5 2. g3 Nc6 3. Bg2 Nf6 4. Nc3 Bc5 5. d3 O-O 6. Nf3 Re8 7. O-O h6 8. e3
d6 9. d4 Bb6 10. d5 Nb8 11. e4 Ba5 12. Nd2 Bxc3 13. bxc3 Nbd7 14. f4 exf4 15.
gxf4 Nc5 16. Re1 Nd3 17. Rf1 Bg4 18. Qc2 Be2 19. Ba3 Nh5 20. Nb3 Nhxf4 21. Bf3
Bxf1 22. Rxf1 Qh4 23. Bc1 Nxc1 24. Qxc1 Re5 0-1

[Event "38 Open Vila de Sitges 2012"]
[Site "Sitges ESP"]
[Date "2012.07.23"]
[Round "4.10"]
[White "Arenas, David"]
[Black "Rabineau, Clement"]
[Result "1-0"]
[WhiteElo "2406"]
[BlackElo "2270"]
[PlyCount "55"]
[EventDate "2012.07.20"]
[EventType "swiss"]
[EventRounds "9"]
[EventCountry "ESP"]
[SourceTitle "Ajedrez en Madrid"]
[Source "lmi"]
[SourceDate "2012.07.20"]

1. c4 b6 2. Nc3 Bb7 3. e4 e6 4. a3 c5 5. Nf3 d6 6. d4 cxd4 7. Nxd4 Nf6 8. f3
Be7 9. Be3 O-O 10. Be2 Nbd7 11. O-O d5 12. exd5 exd5 13. b4 dxc4 14. Nf5 Ne5
15. Qd4 Ng6 16. Bxc4 Rc8 17. Bb3 Rc7 18. Qxd8 Rxd8 19. Nb5 Rcd7 20. Nxa7 Bd5
21. Bxd5 Nxd5 22. Nc6 Nxe3 23. Nxe3 Bg5 24. Nc4 Rc8 25. b5 Ne7 26. f4 Bf6 27.
Nxb6 Bxa1 28. Rxa1 1-0

[Event "38 Open Vila de Sitges 2012"]
[Site "Sitges ESP"]
[Date "2012.07.24"]
[Round "5.1"]
[White "Vorobiov, Evgeny E"]
[Black "Debray, Christopher"]
[Result "1-0"]
[WhiteElo "2586"]
[BlackElo "2380"]
[PlyCount "69"]
[EventDate "2012.07.20"]
[EventType "swiss"]
[EventRounds "9"]
[EventCountry "ESP"]
[SourceTitle "Ajedrez en Madrid"]
[Source "lmi"]
[SourceDate "2012.07.20"]

1. d4 Nf6 2. c4 e6 3. g3 d5 4. Nf3 dxc4 5. Bg2 c5 6. O-O Nc6 7. Qa4 Bd7 8. Qxc4
cxd4 9. Nxd4 Rc8 10. Nc3 Nxd4 11. Qxd4 Bc5 12. Qh4 Bc6 13. Rd1 Qa5 14. Bg5 Be7
15. Bxc6+ Rxc6 16. Ne4 Qe5 17. Nxf6+ Bxf6 18. Bxf6 Qxf6 19. Qb4 Qe7 20. Qd4 O-O
21. Rac1 Rxc1 22. Rxc1 b6 23. Qe5 Rd8 24. Rc7 Qb4 25. Rxa7 h6 26. Qh5 Rd1+ 27.
Kg2 Qe4+ 28. Qf3 Qg6 29. Rb7 e5 30. h4 Kh7 31. Rxf7 e4 32. Qb3 Rd2 33. Rf8 Qc6
34. Qg8+ Kg6 35. Qf7+ 1-0

[Event "38 Open Vila de Sitges 2012"]
[Site "Sitges ESP"]
[Date "2012.07.24"]
[Round "5.2"]
[White "Rodriguez Garcia, Victor"]
[Black "Mirzoev, Azer"]
[Result "1/2-1/2"]
[WhiteElo "2383"]
[BlackElo "2545"]
[PlyCount "72"]
[EventDate "2012.07.20"]
[EventType "swiss"]
[EventRounds "9"]
[EventCountry "ESP"]
[SourceTitle "Ajedrez en Madrid"]
[Source "lmi"]
[SourceDate "2012.07.20"]

1. e4 e5 2. Nf3 Nc6 3. Bb5 Nf6 4. d3 d6 5. c3 Bd7 6. O-O a6 7. Ba4 g6 8. Nbd2
Bg7 9. Re1 O-O 10. d4 Re8 11. Bc2 h6 12. h3 b5 13. dxe5 Nxe5 14. Nxe5 Rxe5 15.
Nf3 Re8 16. e5 dxe5 17. Nxe5 Be6 18. Bf4 c5 19. Qc1 g5 20. Bg3 Qc8 21. h4 Bf5
22. hxg5 hxg5 23. a4 Bh7 24. axb5 axb5 25. Rxa8 Qxa8 26. Bxh7+ Nxh7 27. Qd1 Qb7
28. Nf3 Rxe1+ 29. Qxe1 Qc6 30. Qd2 Bf6 31. Qe3 b4 32. cxb4 cxb4 33. Be5 g4 34.
Bxf6 Nxf6 35. Ne5 Qe6 36. Qg5+ Kf8 1/2-1/2

[Event "38 Open Vila de Sitges 2012"]
[Site "Sitges ESP"]
[Date "2012.07.24"]
[Round "5.3"]
[White "Czakon, Jakub"]
[Black "Pakleza, Zbigniew"]
[Result "0-1"]
[WhiteElo "2481"]
[BlackElo "2468"]
[PlyCount "104"]
[EventDate "2012.07.20"]
[EventType "swiss"]
[EventRounds "9"]
[EventCountry "ESP"]
[SourceTitle "Ajedrez en Madrid"]
[Source "lmi"]
[SourceDate "2012.07.20"]

1. d4 Nf6 2. c4 g6 3. Nc3 d5 4. Nf3 Bg7 5. Qb3 dxc4 6. Qxc4 O-O 7. e4 Na6 8.
Be3 c5 9. O-O-O Ng4 10. Kb1 Qa5 11. h3 Nxe3 12. fxe3 cxd4 13. exd4 Bd7 14. Qb3
Rab8 15. Be2 b5 16. Rdf1 e6 17. Nd1 Nb4 18. Ne3 Nc6 19. Nc2 Qb6 20. Qe3 Na5 21.
b3 Rfc8 22. h4 Be8 23. h5 Qc7 24. Rc1 Qd6 25. hxg6 hxg6 26. Ng5 Nc6 27. Nf3 a5
28. Bd3 a4 29. e5 Qe7 30. Be4 axb3 31. axb3 Na5 32. Na1 Qa3 33. Rxc8 Rxc8 34.
Qd3 Nc6 35. Nc2 Qa5 36. Kb2 Bf8 37. Ra1 Qb6 38. Nd2 Nb4 39. Nxb4 Bxb4 40. Nb1
Rd8 41. Ra8 Rxa8 42. Bxa8 Be1 43. d5 Qf2+ 44. Kc1 Qxg2 45. Na3 Qg5+ 46. Kd1 Bb4
47. Nc2 Qg1+ 48. Ke2 Qg2+ 49. Kd1 Qh1+ 50. Ke2 Qh5+ 51. Kf1 Qh1+ 52. Ke2 Bc5
0-1

[Event "38 Open Vila de Sitges 2012"]
[Site "Sitges ESP"]
[Date "2012.07.24"]
[Round "5.4"]
[White "Vidarte Morales, Arturo"]
[Black "Perez Mitjans, Orelvis"]
[Result "1-0"]
[WhiteElo "2353"]
[BlackElo "2504"]
[PlyCount "91"]
[EventDate "2012.07.20"]
[EventType "swiss"]
[EventRounds "9"]
[EventCountry "ESP"]
[SourceTitle "Ajedrez en Madrid"]
[Source "lmi"]
[SourceDate "2012.07.20"]

1. Nf3 Nf6 2. g3 g6 3. Bg2 Bg7 4. O-O O-O 5. c4 d6 6. Nc3 Nc6 7. d4 Bg4 8. h3
Bd7 9. e4 e5 10. Be3 a6 11. d5 Na5 12. Nd2 b5 13. cxb5 axb5 14. b4 Nb7 15. Qe2
Qe8 16. g4 Kh8 17. Rac1 Ng8 18. Nb3 f5 19. f3 Bf6 20. Rc2 Bd8 21. f4 fxg4 22.
hxg4 Nf6 23. f5 gxf5 24. exf5 Rg8 25. g5 Nh5 26. f6 Qg6 27. Be4 Qf7 28. Qh2
Bxf6 29. Rg2 Raf8 30. gxf6 Rxg2+ 31. Bxg2 Qg6 32. Ne4 h6 33. Nbd2 c6 34. dxc6
Bxc6 35. f7 Nd8 36. Nxd6 Bxg2 37. Qxg2 Qxd6 38. Bc5 Qd7 39. Bxf8 Nxf7 40. Ne4
Qd4+ 41. Kh2 Qc4 42. Be7 Kh7 43. Rf6 Nh8 44. Rxh6+ Kxh6 45. Bf8+ Kh7 46. Nf6+
1-0

[Event "38 Open Vila de Sitges 2012"]
[Site "Sitges ESP"]
[Date "2012.07.24"]
[Round "5.6"]
[White "Castrillon Gomez, Melissa"]
[Black "Movsziszian, Karen"]
[Result "0-1"]
[WhiteElo "2181"]
[BlackElo "2469"]
[PlyCount "70"]
[EventDate "2012.07.20"]
[EventType "swiss"]
[EventRounds "9"]
[EventCountry "ESP"]
[SourceTitle "Ajedrez en Madrid"]
[Source "lmi"]
[SourceDate "2012.07.20"]

1. e4 g6 2. d4 d6 3. Nc3 a6 4. f4 b5 5. a3 Nd7 6. Be3 Bb7 7. Nf3 Bg7 8. e5 Nh6
9. Bd3 c5 10. e6 fxe6 11. Ng5 Nf8 12. dxc5 Bxg2 13. Rg1 Bc6 14. cxd6 exd6 15.
Qe2 Qe7 16. O-O-O Rb8 17. Nce4 Nf5 18. Bd2 Bd5 19. Bb4 Rc8 20. a4 h6 21. Nf3
bxa4 22. Bxa6 Rb8 23. Bb5+ Kf7 24. c4 Bxe4 25. Qxe4 Nd7 26. Bxd6 Nxd6 27. Qxg6+
Kf8 28. Rxd6 Nc5 29. Ne5 Bxe5 30. fxe5 Qf7 31. Qxf7+ Kxf7 32. Rgd1 Rhg8 33. Rc6
Nb3+ 34. Kb1 Rg2 35. Bxa4 Na5 0-1

[Event "38 Open Vila de Sitges 2012"]
[Site "Sitges ESP"]
[Date "2012.07.24"]
[Round "5.7"]
[White "Kiewra, Keaton F"]
[Black "Jimenez Fraga, Pedro Alejandro"]
[Result "1-0"]
[WhiteElo "2361"]
[BlackElo "2446"]
[PlyCount "75"]
[EventDate "2012.07.20"]
[EventType "swiss"]
[EventRounds "9"]
[EventCountry "ESP"]
[SourceTitle "Ajedrez en Madrid"]
[Source "lmi"]
[SourceDate "2012.07.20"]

1. c4 Nf6 2. Nc3 g6 3. e4 d6 4. d4 Bg7 5. Nf3 O-O 6. h3 a6 7. d5 c6 8. Be3 b5
9. Bd3 Bb7 10. O-O bxc4 11. Bxc4 cxd5 12. exd5 Nbd7 13. Qe2 Nb6 14. Rad1 Nxc4
15. Qxc4 Qd7 16. Rfe1 Rfc8 17. Qh4 Rxc3 18. bxc3 Bxd5 19. Nd2 Rc8 20. c4 Qa4
21. Bh6 Bxc4 22. Rc1 d5 23. Rxe7 Bxh6 24. Qxh6 Qxa2 25. Rce1 Bb5 26. Qf4 Qb2
27. Nf3 Rf8 28. Ne5 Kg7 29. Re3 Qc1+ 30. Kh2 Qc5 31. Nf3 Qb6 32. Nd4 Kg8 33.
Rf3 Nh5 34. Qe5 Qd8 35. Rc3 Qb6 36. Ne6 fxe6 37. Rcc7 Rf6 38. Rc8+ 1-0

[Event "38 Open Vila de Sitges 2012"]
[Site "Sitges ESP"]
[Date "2012.07.24"]
[Round "5.9"]
[White "Farran Martos, Francesc X"]
[Black "Palit, Somak"]
[Result "0-1"]
[WhiteElo "2321"]
[BlackElo "2393"]
[PlyCount "80"]
[EventDate "2012.07.20"]
[EventType "swiss"]
[EventRounds "9"]
[EventCountry "ESP"]
[SourceTitle "Ajedrez en Madrid"]
[Source "lmi"]
[SourceDate "2012.07.20"]

1. e4 d5 2. exd5 Qxd5 3. Nc3 Qa5 4. d4 Nf6 5. Nf3 Ne4 6. Bd2 Nxd2 7. Qxd2 e6 8.
Qg5 Qxg5 9. Nxg5 Bb4 10. Nge4 c6 11. a3 Be7 12. O-O-O Nd7 13. g3 b6 14. Bg2 Bb7
15. Rhe1 O-O-O 16. Nd2 h5 17. h3 h4 18. g4 Bd6 19. Kb1 Bc7 20. Nc4 b5 21. Nd2
a5 22. Nb3 a4 23. Nc5 Nxc5 24. dxc5 Ba5 25. Rd3 Kc7 26. Re4 Bxc3 27. bxc3 Bc8
28. c4 Ba6 29. Rf4 f6 30. Rfd4 bxc4 31. Rxd8 Rxd8 32. Rxd8 Kxd8 33. Bxc6 c3 34.
Bxa4 Bf1 35. Bc6 Bxh3 36. a4 Bf1 37. a5 Kc7 38. Be4 h3 39. f3 Ba6 40. c6 Bb5
0-1

[Event "38 Open Vila de Sitges 2012"]
[Site "Sitges ESP"]
[Date "2012.07.24"]
[Round "5.10"]
[White "Chirivi, C Jenny Astrid"]
[Black "Alarcon Casellas, Rolando"]
[Result "0-1"]
[WhiteElo "2212"]
[BlackElo "2436"]
[PlyCount "118"]
[EventDate "2012.07.20"]
[EventType "swiss"]
[EventRounds "9"]
[EventCountry "ESP"]
[SourceTitle "Ajedrez en Madrid"]
[Source "lmi"]
[SourceDate "2012.07.20"]

1. d4 Nf6 2. c4 c5 3. d5 e5 4. Nc3 d6 5. e4 Be7 6. Bd3 Nbd7 7. Nge2 a6 8. a4
Nh5 9. g4 Nhf6 10. Ng3 g6 11. Be2 Ng8 12. Bd2 h6 13. Ra3 Bg5 14. a5 Bxd2+ 15.
Qxd2 Qh4 16. Na4 Rb8 17. Rb3 Ngf6 18. h3 h5 19. Qe3 Ke7 20. gxh5 Qf4 21. Kd2
Nf8 22. Nb6 Bd7 23. Nxd7 N8xd7 24. Kd3 Kd8 25. hxg6 fxg6 26. Bf3 Kc7 27. Ne2
Qh4 28. Rg1 Rbf8 29. Rxg6 Qxh3 30. Rg3 Qh4 31. Rc3 Nh5 32. Bxh5 Qxh5 33. Rc1
Rf6 34. f4 exf4 35. Nxf4 Ne5+ 36. Kc3 Rxf4 37. Qxf4 Qe2 38. Kb3 Rh2 39. Ka4
Qxb2 40. Rb3 Qa2+ 41. Ra3 Qe2 42. Rb3 Rf2 43. Qe3 Qa2+ 44. Ra3 Nxc4 45. Rxa2
Rxa2+ 46. Kb3 Ra3+ 47. Kxc4 Rxe3 48. Rh1 Rxe4+ 49. Kc3 Re3+ 50. Kc4 Re7 51. Rh6
Rd7 52. Rh8 b5+ 53. axb6+ Kxb6 54. Rb8+ Ka7 55. Re8 Kb7 56. Rh8 Rg7 57. Re8
Rg4+ 58. Kc3 Kc7 59. Ra8 Rd4 0-1